Marseille ancient Massilia /

Saved in:
书目详细资料
Corporate Authors: Society for the Diffusion of Useful Knowledge (Great Britain), Cartography Associates., David Rumsey Collection.
其他作者: Davies, Benjamin Rees.
格式: 电子
语言:English
出版: [London] : Society for the Diffusion of Useful Knowledge, 1840.
丛编:David Rumsey Collection digital maps
主题:
标签: 添加标签
没有标签, 成为第一个标记此记录!
LEADER 01319cea a2200301Ka 4500
001 012016830-8
005 20090630193740.0
008 011002s1840 enkd a s 0 eng d
034 1 |a a  |b 10200  |d E0052200  |e E0052200  |f N0431800  |g N0431800 
035 0 |a ocm48071492 
040 |a CUY  |c CUY  |d OCLCQ  |d CUS  |d OCLCQ 
043 |a e-fr--- 
052 |a 5834  |b M4 
110 2 |a Society for the Diffusion of Useful Knowledge (Great Britain) 
245 1 0 |a Marseille  |h [electronic resource] :  |b ancient Massilia /  |c engraved by B.R. Davies. 
255 |a Scale [ca. 1:10,200]  |c (E 5⁰22ʹ/N 43⁰18ʹ). 
260 |a [London] :  |b Society for the Diffusion of Useful Knowledge,  |c 1840. 
500 |a Relief shown by hachures. 
500 |a Scanned raster image of original: 1 map : hand col. ; 32 x 40 cm. 
500 |a Original in the David Rumsey Collection; scanned by Cartography Associates. 
651 0 |a Marseille (France)  |v Maps. 
700 1 |a Davies, Benjamin Rees. 
773 0 |a Society for the Diffusion of Useful Knowledge (Great Britain).  |t Maps of the Society for the Diffusion of Useful Knowledge.  |d London : Chapman and Hall, 1844.  |g [189].  |w (OCoLC)48036085 
710 2 |a Cartography Associates. 
710 2 |a David Rumsey Collection. 
830 0 |a David Rumsey Collection digital maps  |5 net 
988 |a 20090630 
906 |0 OCLC